|
|
|
|
| LEADER |
00000nam a2200000 a 4500 |
| 001 |
vtls011542019 |
| 003 |
SK-MaSNL |
| 005 |
20260301220146.0 |
| 008 |
240318s2015 xo da jrn 001 0 eng |
| 015 |
|
|
|a SNBA2016/04
|
| 020 |
|
|
|a 9788022744973
|q (brož.)
|
| 035 |
|
|
|a urn:nbn:sk:snk-am00bdiz
|
| 035 |
|
|
|a urn:nbn:sk:snk-am3h9le
|
| 035 |
|
|
|a 56FEF356-ABC5-42C8-8ABF-9217CEA88E6D
|
| 040 |
|
|
|a SNK
|b slo
|c SNK
|e AACR2
|
| 041 |
0 |
|
|a eng
|
| 044 |
|
|
|a xo
|c SK
|
| 072 |
|
7 |
|a 621.3
|x Elektrotechnika
|2 konspekt
|
| 080 |
|
|
|a 621.317
|2 2011
|
| 080 |
|
|
|a (075.8)
|2 2011
|
| 100 |
1 |
|
|a Vlnka, Ján,
|d 1953-
|4 aut
|9 190552
|
| 245 |
1 |
0 |
|a Electrical measurement and measurement systems
|c Jan Vlnka
|
| 260 |
|
|
|a Bratislave
|b Slovak University of Technology, Faculty of Mechanical Engineering
|b Vydavateľstvo STU
|c 2015
|
| 300 |
|
|
|a 239 s.
|b grafy, ilustr., sch., tab.
|c 25 cm
|
| 366 |
|
|
|e 150 výt.
|
| 490 |
1 |
|
|a Edition series monograph
|
| 504 |
|
|
|a Bibliogr.: s. 224 ; reg.
|
| 650 |
0 |
7 |
|a elektrické merania
|2 SNKPH
|9 3585
|
| 650 |
0 |
7 |
|a Electric measurements
|2 SNKPHeng
|9 307719
|
| 655 |
|
7 |
|a učebnice vysokých škôl
|2 SNKPH
|9 70191
|
| 655 |
|
7 |
|a Textbooks (higher)
|2 SNKPHeng
|9 276436
|
| 810 |
2 |
|
|a Slovenská technická univerzita v Bratislave
|t Edícia monografií
|9 180631
|
| 852 |
|
|
|a Štátna vedecká knižnica v Banskej Bystrici
|
| 919 |
|
|
|a 978-80-227-4497-3
|
| 958 |
|
|
|a NB
|
| 999 |
|
|
|c 930809
|d 932739
|
| 952 |
|
|
|a SNK
|b SNK
|y PREZ
|7 0
|p 17A1183872
|o snkSC 168875
|i snk2016/8090
|8 0
|0 0
|1 0
|4 0
|d 2016-03-24
|f 1
|l 0
|r 2026-02-24 08:47:25
|w 2026-02-24
|
| 952 |
|
|
|a SNK
|b SNK
|y VYP
|7 0
|p 17A1183873
|o snkSC 168875 D1
|i snk2016/8091
|8 0
|0 0
|1 0
|4 0
|d 2016-03-24
|l 0
|r 2026-02-24 08:47:25
|w 2026-02-24
|